City Locations 4 - Statistics

General Stats
  • This quiz has been taken 8 times
  • The average score is 8 of 15
Answer Stats
Question Answer % Correct
Where is Gold Coast? Australia
100%
Where is Maputo? Mozambique
100%
Where is Zonguldak? Turkey
100%
Where is Cadillac? United States
100%
Where is Khulna? Bangladesh
50%
Where is Dupnica? Bulgaria
50%
Where is Cali? Colombia
50%
Where is Asyut? Egypt
50%
Where is Qom? Iran
50%
Where is Amersfoort? Netherlands
50%
Where is Bodø? Norway
50%
Where is Zhitomir? Ukraine
50%
Where is Neum? Bosnia and Herzegovina
0%
Where is Mopti? Mali
0%
Where is Bender? Moldova
0%
No matching quizzes found
Score Distribution
Percent of People with Each Score
Percentile by Number Answered
Your Score History
You have not taken this quiz